
Library Catalogue

| 000 -LEADER | |
|---|---|
| fixed length control field | 00854nam a2200157Ia 4500 |
| 005 - DATE AND TIME OF LATEST TRANSACTION | |
| control field | 20260209120119.0 |
| 008 - FIXED-LENGTH DATA ELEMENTS--GENERAL INFORMATION | |
| fixed length control field | 260209s9999||||xx |||||||||||||| ||und|| |
| 100 ## - MAIN ENTRY--PERSONAL NAME | |
| Personal name | K. Radha Pyari |
| 245 #0 - TITLE STATEMENT | |
| Title | Research papers on selected topics in business law |
| 260 ## - PUBLICATION, DISTRIBUTION, ETC. | |
| Place of publication, distribution, etc. | WaltairWaltair |
| Name of publisher, distributor, etc. | Andhra University |
| Date of publication, distribution, etc. | 1989 |
| 300 ## - PHYSICAL DESCRIPTION | |
| Extent | 168 p. ; 25 cm. |
| 505 ## - FORMATTED CONTENTS NOTE | |
| Formatted contents note | CONTENTS 1. CERTIFICATE; 2. DECLARATION; 3. ACKNOWLEDGMENTS; 4. LIST OF ABBREVIATIONS; 5. LIST OF TOPICS; CONTRACTS: THE RULE IN HIGH TREES CASE - A CRITICAL APPRAISAL; BANKING: BANKER'S LIEN AGAINST SECURITY FOR ADVANCES; INSURANCE: CONSTRUCTIVE TOTAL LOSS OF SHIP - A CRITICAL ANALYSIS; COMPANY LAW: THE RULE IN TURQUAND'S CASE; |
| 650 ## - SUBJECT ADDED ENTRY--TOPICAL TERM | |
| Topical term or geographic name entry element | Banking Company Law Contracts Insurance |
| 700 ## - ADDED ENTRY--PERSONAL NAME | |
| Personal name | Dr. M V A Naidu - GuideDr. M V A Naidu - Guide |
| 856 ## - ELECTRONIC LOCATION AND ACCESS | |
| Uniform Resource Identifier | <a href="https://dans.nls.ac.in/handle/123456789/1481">https://dans.nls.ac.in/handle/123456789/1481</a> |
| Withdrawn status | Lost status | Damaged status | Not for loan | Home library | Current library | Date acquired | Total Checkouts | Barcode | Date last seen | Price effective from | Koha item type |
|---|---|---|---|---|---|---|---|---|---|---|---|
| . | . | 09.02.2026 | LLM007 | 09.02.2026 | 09.02.2026 | Dissertation |